000 01141nam0a22002651 4500
001 rc\2563769
005 20230412183102.0
035 _a(NLR Aleph) 006728640
090 _a5520193
_c5520193
100 _a20110914d1927 |||y0rusy50 ca
101 1 _arus
_cger
102 _aRU
105 _aa i |||||
200 1 _aТехника ревизии книг и балансов
_dTechnik der Bucher - und Bilanzrevision
_eПер. с 4 нем. изд.
_eАвторизованное изд.
_fК. Порциг (C. Porzig)
_gПод ред. [и с предисл.] Н. В. Богородского глав. бухгалтера Богородск.-Щелковск. хлоп.-бум. треста
210 _aМосква
_cМакиз
_d1927
_e[Тверь]
_gТверск. гостип. им. К. Маркса
215 _a80 с.
_cсхем.
_d23х15 см.
510 0 _aTechnik der Bucher - und Bilanzrevision
700 1 _aПорциг
_bК.
_gКурт
702 1 _aБогородский
_bН. В.
_4340
_4080
801 0 _aRU
_bNLR
_gpsbo
801 1 _aRU
_bELAR
_2rusmarc
852 _aNLR
_j40/1330
942 _cBOOK
980 _aNB